000 00734nam a2200253Ia 4500
003 OSt
005 20220928115246.0
006 a|||||r|||| 00| 0
007 ta
008 220927b |||||||| |||| 00| 0 eng d
020 _c2395
024 _a124869
037 _b071, 02/09/2014, Classic Book Service
_cTextual
040 _aSDCL
_cSDCL
_beng
041 _2eng
_aeng
082 _aV1:5(R)'P, Q3
100 _aBuchanan Allen
_9443547
245 0 _aHeart of human rights
260 _aOxford
_bOxford University Press
_c2013
300 _ax;320p.
_ccm.
650 _aPolitical Science
942 _hV1:5(R)'P, Q3
_cTEXL
_2CC
999 _c758685
_d758685